000 00712nam a2200289Ia 4500
005 20260324135603.0
008 008 260324s9999 xx 000 0 eng d
020 _a9780203443729
037 _aEBOOK
040 _aCRL
040 _beng
040 _cCRL
041 _2eng
041 _aeng
084 _qCRL
100 _aClare Mar-Molinero
_91201151
245 4 _aThe Politics of Language in the Spanish-Speaking World
245 0 _bFrom Colonization to Globalization
260 _bTaylor and Francis
260 _c2000
365 _a
365 _b230
856 _uhttp://www.taylorfrancis.com/books/9780203443729
942 _cEBOOK
999 _c1802390
_d1802390